[Event "DEM U14w 2025"]
[Site "Willingen GER"]
[Date "2025.06.08"]
[Round "2"]
[White "Czäczine, Paula"]
[Black "Chen, Yueyi"]
[Result "1-0"]
[Termination "normal"]
[Board "1"]
[WhiteElo "1965"]
[BlackElo "1851"]
[WhiteClock "00:05:28"]
[BlackClock "00:05:21"]
[PlyCount "169"]
[WhiteFideId "16249305"]
[BlackFideId "34653902"]
[EventCountry "GER"]
[EventRounds "9"]
[EventType "swiss"]
[EventDate "2025.06.07"]

1. e4 {[%clk 01:30:54]} {[%emt 00:00:05]} e5 {[%clk 01:30:54]} {[%emt
00:00:07]} 2. Nf3 {[%clk 01:31:18]} {[%emt 00:00:05]} Nf6 {[%clk 01:31:17]}
{[%emt 00:00:07]} 3. Nxe5 {[%clk 01:31:17]} {[%emt 00:00:32]} d6 {[%clk
01:31:16]} {[%emt 00:00:30]} 4. Nf3 {[%clk 01:31:20]} {[%emt 00:00:27]} Nxe4
{[%clk 01:31:35]} {[%emt 00:00:12]} 5. Nc3 {[%clk 01:31:18]} {[%emt 00:00:32]}
Nxc3 {[%clk 01:31:54]} {[%emt 00:00:11]} 6. dxc3 {[%clk 01:31:01]} {[%emt
00:00:46]} Be7 {[%clk 01:30:51]} {[%emt 00:01:33]} 7. Be3 {[%clk 01:28:23]}
{[%emt 00:03:08]} Nc6 {[%clk 01:30:18]} {[%emt 00:01:03]} 8. Qd2 {[%clk
01:25:08]} {[%emt 00:03:46]} Be6 {[%clk 01:29:33]} {[%emt 00:01:14]} 9. Be2
{[%clk 01:16:51]} {[%emt 00:08:47]} Qd7 {[%clk 01:27:46]} {[%emt 00:02:17]} 10.
a3 {[%clk 01:12:24]} {[%emt 00:04:58]} h6 {[%clk 01:19:22]} {[%emt 00:08:53]}
11. Nd4 {[%clk 01:07:55]} {[%emt 00:04:59]} Nxd4 {[%clk 01:18:33]} {[%emt
00:01:19]} 12. Bxd4 {[%clk 01:08:04]} {[%emt 00:00:21]} Rg8 {[%clk 01:17:23]}
{[%emt 00:01:39]} 13. Bf3 {[%clk 00:54:01]} {[%emt 00:14:33]} Qb5 {[%clk
01:16:51]} {[%emt 00:01:01]} 14. a4 {[%clk 00:49:26]} {[%emt 00:05:06]} Qa6
{[%clk 01:16:10]} {[%emt 00:01:11]} 15. b4 {[%clk 00:45:12]} {[%emt 00:04:44]}
Bg5 {[%clk 01:14:07]} {[%emt 00:02:33]} 16. Qd1 {[%clk 00:41:20]} {[%emt
00:04:22]} c5 {[%clk 01:00:10]} {[%emt 00:14:27]} 17. Be2 {[%clk 00:33:38]}
{[%emt 00:08:12]} Qb6 {[%clk 00:59:15]} {[%emt 00:01:24]} 18. Bb5+ {[%clk
00:28:33]} {[%emt 00:05:35]} Ke7 {[%clk 00:58:53]} {[%emt 00:00:52]} 19. bxc5
{[%clk 00:27:14]} {[%emt 00:01:49]} dxc5 {[%clk 00:59:10]} {[%emt 00:00:13]}
20. Be5 {[%clk 00:26:53]} {[%emt 00:00:51]} f6 {[%clk 00:54:41]} {[%emt
00:04:59]} 21. h4 {[%clk 00:23:16]} {[%emt 00:04:07]} Rgd8 {[%clk 00:54:15]}
{[%emt 00:00:56]} 22. Bd4 {[%clk 00:20:17]} {[%emt 00:03:30]} cxd4 {[%clk
00:45:27]} {[%emt 00:09:18]} 23. hxg5 {[%clk 00:20:31]} {[%emt 00:00:16]} fxg5
{[%clk 00:44:35]} {[%emt 00:01:22]} 24. O-O {[%clk 00:19:06]} {[%emt 00:01:54]}
dxc3 {[%clk 00:40:51]} {[%emt 00:04:13]} 25. Qf3 {[%clk 00:18:42]} {[%emt
00:00:55]} g4 {[%clk 00:38:31]} {[%emt 00:02:50]} 26. Qxc3 {[%clk 00:16:19]}
{[%emt 00:02:52]} Kf7 {[%clk 00:38:44]} {[%emt 00:00:18]} 27. Rab1 {[%clk
00:12:59]} {[%emt 00:03:51]} Rac8 {[%clk 00:37:35]} {[%emt 00:01:38]} 28. Qe5
{[%clk 00:11:39]} {[%emt 00:01:50]} Qc5 {[%clk 00:35:16]} {[%emt 00:02:49]} 29.
Qe4 {[%clk 00:08:23]} {[%emt 00:03:46]} Qd5 {[%clk 00:31:53]} {[%emt 00:03:53]}
30. Qe2 {[%clk 00:08:26]} {[%emt 00:00:27]} Rc7 {[%clk 00:18:27]} {[%emt
00:13:56]} 31. Bd3 {[%clk 00:07:48]} {[%emt 00:01:07]} Qd4 {[%clk 00:16:29]}
{[%emt 00:02:28]} 32. Rfd1 {[%clk 00:06:45]} {[%emt 00:01:33]} Qf6 {[%clk
00:15:09]} {[%emt 00:01:51]} 33. Bg6+ {[%clk 00:05:42]} {[%emt 00:01:33]} Ke7
{[%clk 00:13:28]} {[%emt 00:02:11]} 34. Rxd8 {[%clk 00:05:03]} {[%emt
00:01:10]} Kxd8 {[%clk 00:13:53]} {[%emt 00:00:04]} 35. Be4 {[%clk 00:04:40]}
{[%emt 00:00:53]} b6 {[%clk 00:08:44]} {[%emt 00:05:39]} 36. a5 {[%clk
00:04:17]} {[%emt 00:00:53]} bxa5 {[%clk 00:08:16]} {[%emt 00:00:58]} 37. Qd2+
{[%clk 00:03:56]} {[%emt 00:00:51]} Ke7 {[%clk 00:05:59]} {[%emt 00:02:47]} 38.
Qxa5 {[%clk 00:03:43]} {[%emt 00:00:43]} Qf4 {[%clk 00:05:34]} {[%emt
00:00:54]} 39. Re1 {[%clk 00:01:57]} {[%emt 00:02:16]} Kf6 {[%clk 00:02:59]}
{[%emt 00:03:05]} 40. Qa6 {[%clk 00:00:44]} {[%emt 00:01:43]} Qe5 {[%clk
00:02:28]} {[%emt 00:01:00]} 41. Re3 {[%clk 00:23:55]} {[%emt 00:07:19]} Rd7
{[%clk 00:26:23]} {[%emt 00:06:34]} 42. Bd3 {[%clk 00:19:00]} {[%emt 00:05:26]}
Qd6 {[%clk 00:25:57]} {[%emt 00:00:56]} 43. Qa4 {[%clk 00:16:20]} {[%emt
00:03:10]} Qd4 {[%clk 00:23:51]} {[%emt 00:02:36]} 44. Qb5 {[%clk 00:15:20]}
{[%emt 00:01:31]} Qd5 {[%clk 00:22:55]} {[%emt 00:01:26]} 45. Qb8 {[%clk
00:14:44]} {[%emt 00:01:06]} Qd6 {[%clk 00:20:34]} {[%emt 00:02:51]} 46. Qb5
{[%clk 00:13:38]} {[%emt 00:01:35]} Qd5 {[%clk 00:20:36]} {[%emt 00:00:28]} 47.
Qb2+ {[%clk 00:13:32]} {[%emt 00:00:37]} Qd4 {[%clk 00:20:30]} {[%emt
00:00:36]} 48. Qa3 {[%clk 00:13:15]} {[%emt 00:00:47]} Qd6 {[%clk 00:19:54]}
{[%emt 00:01:06]} 49. Qb2+ {[%clk 00:09:43]} {[%emt 00:04:03]} Qd4 {[%clk
00:20:07]} {[%emt 00:00:16]} 50. Qb8 {[%clk 00:09:54]} {[%emt 00:00:20]} Qd6
{[%clk 00:20:22]} {[%emt 00:00:15]} 51. Qe8 {[%clk 00:09:36]} {[%emt 00:00:48]}
Rf7 {[%clk 00:16:08]} {[%emt 00:04:44]} 52. Qa4 {[%clk 00:08:30]} {[%emt
00:01:37]} Rd7 {[%clk 00:15:05]} {[%emt 00:01:32]} 53. Qe4 {[%clk 00:08:34]}
{[%emt 00:00:26]} Rf7 {[%clk 00:07:30]} {[%emt 00:08:05]} 54. Qg6+ {[%clk
00:07:33]} {[%emt 00:01:31]} Ke7 {[%clk 00:07:55]} {[%emt 00:00:05]} 55. Qxg4
{[%clk 00:07:21]} {[%emt 00:00:42]} Qb6 {[%clk 00:06:54]} {[%emt 00:01:31]} 56.
Qe4 {[%clk 00:04:59]} {[%emt 00:02:52]} Kd7 {[%clk 00:06:00]} {[%emt 00:01:23]}
57. Bb5+ {[%clk 00:04:36]} {[%emt 00:00:54]} Ke7 {[%clk 00:05:51]} {[%emt
00:00:39]} 58. Bc4 {[%clk 00:04:35]} {[%emt 00:00:30]} Rf6 {[%clk 00:05:42]}
{[%emt 00:00:39]} 59. Qh4 {[%clk 00:03:45]} {[%emt 00:01:20]} Kf7 {[%clk
00:05:21]} {[%emt 00:00:51]} 60. Qe4 {[%clk 00:03:26]} {[%emt 00:00:49]} Qb1+
{[%clk 00:04:45]} {[%emt 00:01:05]} 61. Re1 {[%clk 00:03:24]} {[%emt 00:00:32]}
Qb6 {[%clk 00:05:03]} {[%emt 00:00:12]} 62. Re3 {[%clk 00:03:32]} {[%emt
00:00:23]} Qb1+ {[%clk 00:05:22]} {[%emt 00:00:11]} 63. Re1 {[%clk 00:03:33]}
{[%emt 00:00:28]} Qb6 {[%clk 00:05:42]} {[%emt 00:00:10]} 64. Qe2 {[%clk
00:03:47]} {[%emt 00:00:17]} a5 {[%clk 00:04:41]} {[%emt 00:01:31]} 65. Bb3
{[%clk 00:04:02]} {[%emt 00:00:14]} Qc6 {[%clk 00:03:40]} {[%emt 00:01:32]} 66.
Qh5+ {[%clk 00:04:03]} {[%emt 00:00:29]} Kf8 {[%clk 00:03:04]} {[%emt
00:01:06]} 67. Qxa5 {[%clk 00:03:18]} {[%emt 00:01:15]} Rg6 {[%clk 00:02:29]}
{[%emt 00:01:05]} 68. Qd8+ {[%clk 00:03:25]} {[%emt 00:00:23]} Kf7 {[%clk
00:02:55]} {[%emt 00:00:04]} 69. g3 {[%clk 00:02:49]} {[%emt 00:01:06]} Rf6
{[%clk 00:01:44]} {[%emt 00:01:41]} 70. Qd4 {[%clk 00:02:00]} {[%emt 00:01:19]}
Bxb3 {[%clk 00:01:10]} {[%emt 00:01:04]} 71. cxb3 {[%clk 00:02:19]} {[%emt
00:00:11]} Qd6 {[%clk 00:01:23]} {[%emt 00:00:17]} 72. Qc4+ {[%clk 00:02:15]}
{[%emt 00:00:34]} Kg6 {[%clk 00:01:42]} {[%emt 00:00:12]} 73. Qe4+ {[%clk
00:02:16]} {[%emt 00:00:29]} Rf5 {[%clk 00:01:32]} {[%emt 00:00:40]} 74. g4
{[%clk 00:02:20]} {[%emt 00:00:26]} Qf6 {[%clk 00:00:52]} {[%emt 00:01:10]} 75.
Qxf5+ {[%clk 00:02:39]} {[%emt 00:00:10]} Qxf5 {[%clk 00:01:20]} {[%emt
00:00:02]} 76. gxf5+ {[%clk 00:03:03]} {[%emt 00:00:06]} Kxf5 {[%clk 00:01:47]}
{[%emt 00:00:03]} 77. b4 {[%clk 00:03:28]} {[%emt 00:00:05]} Kf6 {[%clk
00:02:10]} {[%emt 00:00:07]} 78. b5 {[%clk 00:03:54]} {[%emt 00:00:04]} Kf5
{[%clk 00:02:38]} {[%emt 00:00:03]} 79. b6 {[%clk 00:04:21]} {[%emt 00:00:03]}
Kf6 {[%clk 00:03:04]} {[%emt 00:00:03]} 80. b7 {[%clk 00:04:48]} {[%emt
00:00:04]} Kf5 {[%clk 00:03:32]} {[%emt 00:00:02]} 81. b8=Q {[%clk 00:05:09]}
{[%emt 00:00:08]} Kf6 {[%clk 00:03:59]} {[%emt 00:00:03]} 82. Qf4+ {[%clk
00:05:20]} {[%emt 00:00:19]} Kg6 {[%clk 00:04:27]} {[%emt 00:00:02]} 83. Re6+
{[%clk 00:05:22]} {[%emt 00:00:28]} Kh7 {[%clk 00:04:54]} {[%emt 00:00:03]} 84.
Qf5+ {[%clk 00:05:28]} {[%emt 00:00:24]} Kg8 {[%clk 00:05:21]} {[%emt
00:00:03]} 85. Re8# {[%emt 00:00:06]} 1-0

[Event "DEM U14w 2025"]
[Site "Willingen GER"]
[Date "2025.06.08"]
[Round "2"]
[White "Tu, Audrey"]
[Black "Wagner, Cosima Thien-An"]
[Result "0-1"]
[Termination "normal"]
[Board "2"]
[WhiteElo "1753"]
[BlackElo "1835"]
[WhiteClock "00:04:12"]
[BlackClock "00:26:03"]
[PlyCount "72"]
[WhiteFideId "34628568"]
[BlackFideId "34603484"]
[EventCountry "GER"]
[EventRounds "9"]
[EventType "swiss"]
[EventDate "2025.06.07"]

1. e4 {[%clk 01:30:59]} c5 {[%clk 01:30:58]} {[%emt 00:00:03]} 2. Nf3 {[%clk
01:31:20]} {[%emt 00:00:08]} g6 {[%clk 01:31:25]} {[%emt 00:00:03]} 3. d4
{[%clk 01:31:22]} {[%emt 00:00:29]} cxd4 {[%clk 01:31:52]} {[%emt 00:00:03]} 4.
Nxd4 {[%clk 01:31:41]} {[%emt 00:00:11]} Bg7 {[%clk 01:32:18]} {[%emt
00:00:04]} 5. Nc3 {[%clk 01:31:57]} {[%emt 00:00:13]} Nc6 {[%clk 01:32:45]}
{[%emt 00:00:03]} 6. Be3 {[%clk 01:32:08]} {[%emt 00:00:20]} Nf6 {[%clk
01:33:11]} {[%emt 00:00:04]} 7. Be2 {[%clk 01:32:23]} {[%emt 00:00:14]} O-O
{[%clk 01:33:36]} {[%emt 00:00:05]} 8. O-O {[%clk 01:32:51]} {[%emt 00:00:02]}
d5 {[%clk 01:34:01]} {[%emt 00:00:05]} 9. exd5 {[%clk 01:32:58]} {[%emt
00:00:24]} Nxd5 {[%clk 01:34:27]} {[%emt 00:00:04]} 10. Nxd5 {[%clk 01:33:12]}
{[%emt 00:00:15]} Qxd5 {[%clk 01:34:53]} {[%emt 00:00:03]} 11. Bf3 {[%clk
01:33:36]} {[%emt 00:00:06]} Qc4 {[%clk 01:35:00]} {[%emt 00:00:24]} 12. Nxc6
{[%clk 01:32:35]} {[%emt 00:01:31]} bxc6 {[%clk 01:35:26]} {[%emt 00:00:04]}
13. c3 {[%clk 01:31:27]} {[%emt 00:01:39]} Rb8 {[%clk 01:25:32]} {[%emt
00:10:24]} 14. Bc1 {[%clk 01:13:10]} {[%emt 00:18:47]} Bf5 {[%clk 01:19:52]}
{[%emt 00:06:10]} 15. Re1 {[%clk 01:01:52]} {[%emt 00:11:47]} Bf6 {[%clk
01:19:04]} {[%emt 00:01:18]} 16. Qe2 {[%clk 00:57:56]} {[%emt 00:04:26]} Bd3
{[%clk 01:18:25]} {[%emt 00:01:09]} 17. Qe3 {[%clk 00:55:31]} {[%emt 00:02:54]}
c5 {[%clk 01:16:09]} {[%emt 00:02:48]} 18. Be2 {[%clk 00:50:46]} {[%emt
00:05:15]} Rfd8 {[%clk 01:09:59]} {[%emt 00:06:40]} 19. Bxd3 {[%clk 00:43:37]}
{[%emt 00:07:39]} Rxd3 {[%clk 01:06:26]} {[%emt 00:04:03]} 20. Qe2 {[%clk
00:41:03]} {[%emt 00:03:03]} Qa6 {[%clk 00:57:20]} {[%emt 00:09:37]} 21. Bf4
{[%clk 00:35:30]} {[%emt 00:06:00]} Rbd8 {[%clk 00:55:17]} {[%emt 00:02:36]}
22. Be3 {[%clk 00:23:44]} {[%emt 00:12:16]} c4 {[%clk 00:51:28]} {[%emt
00:04:19]} 23. Bd4 {[%clk 00:13:27]} {[%emt 00:10:47]} Bxd4 {[%clk 00:50:32]}
{[%emt 00:01:27]} 24. cxd4 {[%clk 00:13:35]} {[%emt 00:00:22]} e6 {[%clk
00:50:02]} {[%emt 00:01:00]} 25. Red1 {[%clk 00:10:53]} {[%emt 00:03:12]} R8xd4
{[%clk 00:48:39]} {[%emt 00:01:53]} 26. a3 {[%clk 00:08:54]} {[%emt 00:02:29]}
Qd6 {[%clk 00:40:21]} {[%emt 00:08:43]} 27. Rxd3 {[%clk 00:07:18]} {[%emt
00:02:11]} cxd3 {[%clk 00:40:05]} {[%emt 00:00:45]} 28. Qd2 {[%clk 00:06:30]}
{[%emt 00:01:16]} Rc4 {[%clk 00:34:30]} {[%emt 00:06:07]} 29. Rc1 {[%clk
00:05:54]} {[%emt 00:01:06]} Rxc1+ {[%clk 00:31:38]} {[%emt 00:03:23]} 30. Qxc1
{[%clk 00:06:19]} {[%emt 00:00:05]} d2 {[%clk 00:28:46]} {[%emt 00:03:22]} 31.
Qd1 {[%clk 00:06:12]} {[%emt 00:00:37]} Qd4 {[%clk 00:26:19]} {[%emt 00:02:56]}
32. b4 {[%clk 00:05:20]} {[%emt 00:01:23]} Qc3 {[%clk 00:26:10]} {[%emt
00:00:38]} 33. Kf1 {[%clk 00:04:58]} {[%emt 00:00:52]} Qd3+ {[%clk 00:26:24]}
{[%emt 00:00:15]} 34. Kg1 {[%clk 00:05:06]} {[%emt 00:00:24]} Qc3 {[%clk
00:25:28]} {[%emt 00:01:26]} 35. Kf1 {[%clk 00:05:00]} {[%emt 00:00:35]} Qc4+
{[%clk 00:25:39]} {[%emt 00:00:20]} 36. Kg1 {[%clk 00:04:12]} {[%emt 00:01:19]}
Qc1 {[%clk 00:26:03]} {[%emt 00:00:05]} 0-1

[Event "DEM U14w 2025"]
[Site "Willingen GER"]
[Date "2025.06.08"]
[Round "2"]
[White "Komar, Valerie"]
[Black "Richter, Anastasia"]
[Result "1-0"]
[Termination "normal"]
[Board "3"]
[WhiteElo "1765"]
[BlackElo "1753"]
[WhiteClock "00:36:14"]
[BlackClock "00:00:54"]
[PlyCount "61"]
[WhiteFideId "34139664"]
[BlackFideId "34659099"]
[EventCountry "GER"]
[EventRounds "9"]
[EventType "swiss"]
[EventDate "2025.06.07"]

1. d4 {[%clk 01:30:52]} {[%emt 00:00:08]} d5 {[%clk 01:30:55]} {[%emt
00:00:04]} 2. c4 {[%clk 01:31:20]} {[%emt 00:00:02]} e6 {[%clk 01:31:20]}
{[%emt 00:00:05]} 3. Nc3 {[%clk 01:31:49]} {[%emt 00:00:02]} c6 {[%clk
01:31:42]} {[%emt 00:00:08]} 4. e4 {[%clk 01:32:16]} {[%emt 00:00:03]} dxe4
{[%clk 01:32:04]} {[%emt 00:00:09]} 5. Nxe4 {[%clk 01:32:44]} {[%emt 00:00:02]}
Bb4+ {[%clk 01:32:26]} {[%emt 00:00:07]} 6. Nc3 {[%clk 01:33:12]} {[%emt
00:00:02]} Nf6 {[%emt 00:01:53]} 7. Qd3 {[%clk 01:33:36]} {[%emt 00:00:02]} Bd6
{[%clk 01:12:16]} {[%emt 00:19:20]} 8. Nf3 {[%clk 01:32:43]} {[%emt 00:01:24]}
Nbd7 {[%clk 01:05:55]} {[%emt 00:06:51]} 9. Be2 {[%clk 01:29:50]} {[%emt
00:03:23]} O-O {[%clk 01:01:29]} {[%emt 00:04:56]} 10. O-O {[%clk 01:26:57]}
{[%emt 00:03:23]} e5 {[%clk 00:57:00]} {[%emt 00:04:59]} 11. Bg5 {[%clk
00:58:33]} {[%emt 00:28:54]} exd4 {[%clk 00:44:32]} {[%emt 00:12:58]} 12. Qxd4
{[%clk 00:56:00]} {[%emt 00:03:03]} Qc7 {[%clk 00:28:54]} {[%emt 00:16:06]} 13.
Rad1 {[%clk 00:54:16]} {[%emt 00:02:16]} Be5 {[%clk 00:23:03]} {[%emt
00:06:21]} 14. Nxe5 {[%clk 00:53:00]} {[%emt 00:01:46]} Qxe5 {[%clk 00:23:06]}
{[%emt 00:00:27]} 15. Qxe5 {[%clk 00:53:14]} {[%emt 00:00:17]} Nxe5 {[%clk
00:23:34]} {[%emt 00:00:01]} 16. Bxf6 {[%clk 00:53:25]} {[%emt 00:00:18]} gxf6
{[%clk 00:23:57]} {[%emt 00:00:07]} 17. Ne4 {[%clk 00:53:13]} {[%emt 00:00:41]}
Kg7 {[%clk 00:18:41]} {[%emt 00:05:47]} 18. f4 {[%clk 00:49:43]} {[%emt
00:03:59]} Ng4 {[%clk 00:14:43]} {[%emt 00:04:27]} 19. Rf3 {[%clk 00:48:25]}
{[%emt 00:01:48]} f5 {[%clk 00:13:40]} {[%emt 00:01:34]} 20. Nd6 {[%clk
00:46:49]} {[%emt 00:02:06]} h5 {[%clk 00:09:32]} {[%emt 00:04:37]} 21. h3
{[%clk 00:45:32]} {[%emt 00:01:47]} Nf6 {[%clk 00:06:41]} {[%emt 00:03:21]} 22.
Rg3+ {[%clk 00:43:18]} {[%emt 00:02:44]} Kh7 {[%clk 00:04:58]} {[%emt
00:02:14]} 23. Bd3 {[%clk 00:42:48]} {[%emt 00:00:59]} Rd8 {[%clk 00:03:16]}
{[%emt 00:02:10]} 24. Nxf7 {[%clk 00:41:19]} {[%emt 00:02:02]} Rg8 {[%clk
00:02:46]} {[%emt 00:00:58]} 25. Ng5+ {[%clk 00:40:21]} {[%emt 00:01:29]} Kh6
{[%clk 00:02:25]} {[%emt 00:00:48]} 26. Bc2 {[%clk 00:39:06]} {[%emt 00:01:46]}
Bd7 {[%clk 00:00:49]} {[%emt 00:02:09]} 27. Rxd7 {[%clk 00:35:53]} {[%emt
00:03:43]} h4 {[%clk 00:00:32]} {[%emt 00:00:46]} 28. Nf7+ {[%clk 00:35:54]}
{[%emt 00:00:28]} Kh5 {[%clk 00:00:38]} {[%emt 00:00:25]} 29. Bd1+ {[%clk
00:36:20]} {[%emt 00:00:03]} Ng4 {[%clk 00:00:33]} {[%emt 00:00:35]} 30. hxg4+
{[%clk 00:36:33]} {[%emt 00:00:17]} fxg4 {[%clk 00:00:54]} {[%emt 00:00:10]}
31. Ne5 {[%clk 00:36:14]} {[%emt 00:00:49]} 1-0

[Event "DEM U14w 2025"]
[Site "Willingen GER"]
[Date "2025.06.08"]
[Round "2"]
[White "Eitel, Liz"]
[Black "Jordan, Christina"]
[Result "0-1"]
[Termination "normal"]
[Board "4"]
[WhiteElo "1736"]
[BlackElo "1815"]
[WhiteClock "01:05:01"]
[BlackClock "00:26:34"]
[PlyCount "78"]
[WhiteFideId "34622195"]
[BlackFideId "1347977"]
[EventCountry "GER"]
[EventRounds "9"]
[EventType "swiss"]
[EventDate "2025.06.07"]

1. e4 {[%clk 01:30:59]} c5 {[%clk 01:30:55]} {[%emt 00:00:05]} 2. c3 {[%clk
01:31:28]} {[%emt 00:00:02]} Nf6 {[%clk 01:31:19]} {[%emt 00:00:05]} 3. e5
{[%clk 01:31:52]} {[%emt 00:00:06]} Nd5 {[%clk 01:31:44]} {[%emt 00:00:05]} 4.
d4 {[%clk 01:32:07]} {[%emt 00:00:15]} cxd4 {[%clk 01:32:03]} {[%emt 00:00:12]}
5. cxd4 {[%clk 01:32:24]} {[%emt 00:00:13]} Nc6 {[%clk 01:32:22]} {[%emt
00:00:11]} 6. Nc3 {[%clk 01:32:35]} {[%emt 00:00:19]} Nxc3 {[%clk 01:26:29]}
{[%emt 00:06:23]} 7. bxc3 {[%clk 01:32:58]} {[%emt 00:00:06]} d6 {[%clk
01:26:41]} {[%emt 00:00:17]} 8. exd6 {[%clk 01:29:53]} {[%emt 00:03:35]} Qxd6
{[%clk 01:25:16]} {[%emt 00:01:55]} 9. Nf3 {[%clk 01:29:57]} {[%emt 00:00:26]}
g6 {[%clk 01:22:10]} {[%emt 00:03:36]} 10. Be2 {[%clk 01:29:30]} {[%emt
00:00:57]} Bg7 {[%clk 01:22:34]} {[%emt 00:00:06]} 11. O-O {[%clk 01:29:10]}
{[%emt 00:00:51]} O-O {[%clk 01:22:36]} {[%emt 00:00:29]} 12. Be3 {[%clk
01:29:23]} {[%emt 00:00:16]} Rd8 {[%clk 01:19:48]} {[%emt 00:03:17]} 13. Qd2
{[%clk 01:26:39]} {[%emt 00:03:15]} b6 {[%clk 01:12:17]} {[%emt 00:08:02]} 14.
Bh6 {[%clk 01:24:42]} {[%emt 00:02:26]} Bb7 {[%clk 01:10:50]} {[%emt 00:01:58]}
15. Bxg7 {[%clk 01:23:00]} {[%emt 00:02:11]} Kxg7 {[%clk 01:11:15]} {[%emt
00:00:05]} 16. Rad1 {[%clk 01:23:05]} {[%emt 00:00:24]} e6 {[%clk 01:05:28]}
{[%emt 00:06:18]} 17. Qe3 {[%clk 01:20:58]} {[%emt 00:02:37]} Rac8 {[%clk
00:56:52]} {[%emt 00:09:07]} 18. Ng5 {[%clk 01:19:39]} {[%emt 00:01:49]} Ne7
{[%clk 00:48:47]} {[%emt 00:08:36]} 19. Rd3 {[%clk 01:16:06]} {[%emt 00:04:03]}
h6 {[%clk 00:41:56]} {[%emt 00:07:20]} 20. Ne4 {[%clk 01:15:53]} {[%emt
00:00:43]} Qc6 {[%clk 00:41:50]} {[%emt 00:00:34]} 21. Bf3 {[%clk 01:15:44]}
{[%emt 00:00:40]} Nd5 {[%clk 00:42:08]} {[%emt 00:00:13]} 22. Ng3 {[%clk
01:13:08]} {[%emt 00:03:06]} Nxe3 {[%clk 00:39:40]} {[%emt 00:02:57]} 23. Bxc6
{[%clk 01:13:19]} {[%emt 00:00:19]} Ba6 {[%clk 00:39:38]} {[%emt 00:00:32]} 24.
Rxe3 {[%clk 01:11:45]} {[%emt 00:02:03]} Bxf1 {[%clk 00:40:00]} {[%emt
00:00:08]} 25. Kxf1 {[%clk 01:12:04]} {[%emt 00:00:12]} Rxc6 {[%clk 00:40:27]}
{[%emt 00:00:04]} 26. Ke2 {[%clk 01:11:29]} {[%emt 00:01:04]} f5 {[%clk
00:37:50]} {[%emt 00:03:07]} 27. Rf3 {[%clk 01:09:49]} {[%emt 00:02:10]} Rd5
{[%clk 00:37:03]} {[%emt 00:01:15]} 28. Kd3 {[%clk 01:09:33]} {[%emt 00:00:48]}
Ra5 {[%clk 00:37:02]} {[%emt 00:00:30]} 29. Ne2 {[%clk 01:09:37]} {[%emt
00:00:26]} Rxa2 {[%clk 00:37:06]} {[%emt 00:00:27]} 30. Nf4 {[%clk 01:09:45]}
{[%emt 00:00:22]} g5 {[%clk 00:29:14]} {[%emt 00:08:21]} 31. Ne2 {[%clk
01:08:59]} {[%emt 00:01:16]} Kf6 {[%clk 00:28:06]} {[%emt 00:01:38]} 32. g4
{[%clk 01:08:43]} {[%emt 00:00:47]} Kg6 {[%clk 00:27:17]} {[%emt 00:01:20]} 33.
gxf5+ {[%clk 01:07:37]} {[%emt 00:01:36]} exf5 {[%clk 00:27:41]} {[%emt
00:00:06]} 34. Ng3 {[%clk 01:06:35]} {[%emt 00:01:32]} Rxc3+ {[%clk 00:26:41]}
{[%emt 00:01:31]} 35. Kxc3 {[%clk 01:05:04]} {[%emt 00:02:00]} Ra3+ {[%clk
00:27:09]} {[%emt 00:00:02]} 36. Kb4 {[%clk 01:05:18]} {[%emt 00:00:16]} Rxf3
{[%clk 00:27:33]} {[%emt 00:00:06]} 37. Kb5 {[%clk 01:05:14]} {[%emt 00:00:34]}
Kf6 {[%clk 00:26:37]} {[%emt 00:01:24]} 38. Kc6 {[%clk 01:05:15]} {[%emt
00:00:31]} Rd3 {[%clk 00:26:12]} {[%emt 00:00:55]} 39. Nh5 {[%clk 01:05:01]}
{[%emt 00:00:44]} Kg6 {[%clk 00:26:34]} 0-1